[Event "HUN Team League Csongrad Region 2018-19 "]
[Site "Csongrád County"]
[Date "2019.04.07"]
[Round "9.1"]
[White "Borus, Andras"]
[Black "Kurucz, Gergely"]
[Result "1-0"]
[WhiteElo "2012"]
[BlackElo "1596"]
[PlyCount "29"]
[EventDate "2018.09.30"]
[WhiteTeam "Maróczy Géza SE IV."]
[BlackTeam "Meritum SE III."]

1. Nf3 d6 2. g3 g6 3. Bg2 Bg7 4. d3 Nf6 5. c4 O-O 6. O-O Nc6 7. Nc3 e5 8. Bg5
h6 9. Bd2 Nh5 10. e4 f5 11. Nh4 Qe8 12. Nb5 Qf7 13. exf5 Bxf5 14. Nxf5 gxf5 15.
Bd5 1-0

[Event "HUN Team League Csongrad Region 2018-19 "]
[Site "Csongrád County"]
[Date "2019.04.07"]
[Round "9.1"]
[White "Filep, Miklos Sr."]
[Black "Tenk, Zoltan"]
[Result "1/2-1/2"]
[WhiteElo "1530"]
[BlackElo "1904"]
[PlyCount "65"]
[EventDate "2018.09.30"]
[WhiteTeam "Meritum SE III."]
[BlackTeam "Maróczy Géza SE IV."]

1. f4 d5 2. b3 Nf6 3. Bb2 c5 4. Nf3 Nc6 5. e3 e6 6. Bb5 Be7 7. O-O O-O 8. Bxc6
bxc6 9. Ne5 Qc7 10. d3 Rd8 11. Nd2 Bb7 12. Qe1 d4 13. e4 Nd7 14. Nxd7 Qxd7 15.
Nc4 f6 16. Rf3 Ba6 17. Rb1 Bxc4 18. dxc4 e5 19. f5 a5 20. a4 Bf8 21. Bc1 Ra7
22. Bd2 Qc7 23. Kh1 Kf7 24. g4 Ke7 25. Qh4 h6 26. Rg1 Kd7 27. Qh5 Kc8 28. Rd3
Qe7 29. h4 Qe8 30. Qxe8 Rxe8 31. g5 hxg5 32. hxg5 Be7 33. Rh3 1/2-1/2

[Event "HUN Team League Csongrad Region 2018-19 "]
[Site "Csongrád County"]
[Date "2019.04.07"]
[Round "9.1"]
[White "Blazsik, Zoltan"]
[Black "Fulop, Csilla"]
[Result "1-0"]
[WhiteElo "1661"]
[BlackElo "1472"]
[PlyCount "51"]
[EventDate "2018.09.30"]
[WhiteTeam "Maróczy Géza SE IV."]
[BlackTeam "Meritum SE III."]

1. c4 e5 2. e4 Nf6 3. Nc3 Nc6 4. Nf3 Bc5 5. Be2 O-O 6. O-O a6 7. a3 d6 8. b4
Ba7 9. Bb2 Nd7 10. Qc2 Nb6 11. Rac1 f5 12. d3 fxe4 13. Nxe4 Bf5 14. Ng3 Bg6 15.
Qb3 Bf7 16. Ne4 Nd7 17. Rfd1 b5 18. Neg5 Bxf2+ 19. Kxf2 Qxg5 20. Nxg5 Bxc4+ 21.
Ke1 Bxb3 22. Rxc6 Bxd1 23. Kxd1 Rfc8 24. Bg4 Nb8 25. Bxc8 Nxc6 26. Bb7 1-0

[Event "HUN Team League Csongrad Region 2018-19 "]
[Site "Csongrád County"]
[Date "2019.04.07"]
[Round "9.1"]
[White "Farkas, Virag"]
[Black "Szamko, Szabolcs"]
[Result "1/2-1/2"]
[WhiteElo "1454"]
[BlackElo "1531"]
[PlyCount "81"]
[EventDate "2018.09.30"]
[WhiteTeam "Meritum SE III."]
[BlackTeam "Maróczy Géza SE IV."]

1. d4 d5 2. Bf4 Nf6 3. e3 Bf5 4. Nf3 e6 5. Nbd2 Bd6 6. Bg3 c5 7. Bb5+ Nc6 8. c3
Bg4 9. Qa4 Rc8 10. dxc5 Bxc5 11. Ne5 Bf5 12. Bxc6+ bxc6 13. Bh4 Qd6 14. Bxf6
gxf6 15. Nef3 Bd3 16. Nd4 Kd7 17. N2b3 Bb6 18. Rd1 Bg6 19. c4 e5 20. Ne2 Ke7
21. cxd5 cxd5 22. Nc3 Rhd8 23. O-O d4 24. exd4 exd4 25. Nb5 Qc6 26. Qb4+ Bc5
27. Nxc5 Qxc5 28. Qxc5+ Rxc5 29. Nxd4 Rd6 30. Nb3 Rcd5 31. Rxd5 Rxd5 32. Rc1
Re5 33. g3 Kd6 34. Nd4 Be4 35. Re1 Bd5 36. Nb5+ Kc5 37. Rxe5 fxe5 38. Nc3 Bc6
39. Kf1 Kd4 40. Ke2 a6 41. h4 1/2-1/2

[Event "HUN Team League Csongrad Region 2018-19 "]
[Site "Csongrád County"]
[Date "2019.04.07"]
[Round "9.1"]
[White "Veres, Sandor"]
[Black "Lauko, Denes"]
[Result "0-1"]
[WhiteElo "1495"]
[BlackElo "1441"]
[PlyCount "76"]
[EventDate "2018.09.30"]
[WhiteTeam "Maróczy Géza SE IV."]
[BlackTeam "Meritum SE III."]

1. d4 d5 2. c4 c6 3. Nc3 Nf6 4. Nf3 e6 5. Bg5 Nbd7 6. Ne5 Be7 7. Nxd7 Bxd7 8.
e3 Ne4 9. Bxe7 Nxc3 10. bxc3 Qxe7 11. c5 b6 12. cxb6 axb6 13. Bd3 c5 14. dxc5
bxc5 15. O-O O-O 16. e4 c4 17. Bc2 Bc6 18. Re1 Qf6 19. e5 Qg5 20. g3 Ra3 21.
Qd4 Qe7 22. Re2 Rfa8 23. h3 Rxa2 24. Rxa2 Rxa2 25. Bxh7+ Kxh7 26. Rxa2 Kg8 27.
Ra6 Be8 28. f4 Qb7 29. Rb6 Qa7 30. Kg2 Qa2+ 31. Kf3 Qh2 32. Rb8 Qh1+ 33. Kf2
Qh2+ 34. Kf3 Qh1+ 35. Kg4 f5+ 36. exf6 gxf6 37. Qxf6 Qd1+ 38. Kg5 Qh5# 0-1

[Event "HUN Team League Csongrad Region 2018-19 "]
[Site "Csongrád County"]
[Date "2019.04.07"]
[Round "9.2"]
[White "Hajdu, Istvan"]
[Black "Szajbely, Samuel Janos"]
[Result "1-0"]
[WhiteElo "1840"]
[BlackElo "1771"]
[PlyCount "75"]
[EventDate "2018.09.30"]
[WhiteTeam "Szentesi Sakk SE II."]
[BlackTeam "Maróczy Géza SE V."]

1. e4 c5 2. Nf3 d6 3. Be2 g6 4. c3 Bg7 5. O-O Nc6 6. Re1 e6 7. d4 cxd4 8. cxd4
Nge7 9. Nc3 h6 10. d5 Ne5 11. Bb5+ Kf8 12. Nd4 a6 13. Be2 exd5 14. exd5 Qa5 15.
f4 Ng4 16. Bxg4 Bxg4 17. Qd3 Nxd5 18. Nb3 Qb6+ 19. Kh1 Nxc3 20. bxc3 Rc8 21.
Be3 Qc7 22. Rac1 Kg8 23. Nd4 Qc4 24. Qd2 Kh7 25. h3 Bd7 26. f5 Qd5 27. f6 Bxf6
28. Rf1 Bg7 29. Qf2 Rhe8 30. Qxf7 Bxh3 31. Qxd5 Rxe3 32. gxh3 Rxh3+ 33. Kg2 Rh5
34. Qxd6 Rg5+ 35. Kf3 Rf8+ 36. Ke2 Rg2+ 37. Kd3 Rg3+ 38. Kc2 1-0

[Event "HUN Team League Csongrad Region 2018-19 "]
[Site "Csongrád County"]
[Date "2019.04.07"]
[Round "9.2"]
[White "Arato, Daniel"]
[Black "Balatoni, Gyorgy"]
[Result "1/2-1/2"]
[WhiteElo "1727"]
[BlackElo "1657"]
[PlyCount "36"]
[EventDate "2018.09.30"]
[WhiteTeam "Maróczy Géza SE V."]
[BlackTeam "Szentesi Sakk SE II."]

1. e4 c6 2. d4 d5 3. Nc3 dxe4 4. Nxe4 Nd7 5. Nf3 Ngf6 6. Ng3 e6 7. Bd3 g6 8. c4
Bg7 9. Bf4 O-O 10. h4 Re8 11. h5 Qa5+ 12. Bd2 Qc7 13. hxg6 fxg6 14. Qc2 e5 15.
O-O-O exd4 16. Bh6 Nf8 17. Nxd4 Bxh6+ 18. Rxh6 Qf4+ 1/2-1/2

[Event "HUN Team League Csongrad Region 2018-19 "]
[Site "Csongrád County"]
[Date "2019.04.07"]
[Round "9.2"]
[White "Makay, Andor Dr."]
[Black "Kis, Izabella"]
[Result "0-1"]
[WhiteElo "1632"]
[BlackElo "1499"]
[PlyCount "66"]
[EventDate "2018.09.30"]
[WhiteTeam "Szentesi Sakk SE II."]
[BlackTeam "Maróczy Géza SE V."]

1. c4 c5 2. g3 g6 3. Bg2 Bg7 4. Nc3 Nc6 5. a3 Nf6 6. Ne4 Nxe4 7. Bxe4 O-O 8. e3
e6 9. Rb1 d5 10. cxd5 exd5 11. Bc2 Qd6 12. d3 Re8 13. Ne2 Bg4 14. O-O Qf6 15.
Qd2 Bh3 16. Re1 g5 17. Bd1 Ne5 18. Nc3 Nf3+ 19. Kh1 Nxd2 20. Bxd2 Qxf2 21. Rg1
Qxd2 22. Nxd5 Qxd3 23. Bf3 Rad8 24. Rbd1 Qb3 25. Rge1 g4 26. Ne7+ Kf8 27. Bd5
Qxb2 28. Rb1 Qf2 29. Bxb7 Rxe7 30. Bc6 Re6 31. Bb7 Rb6 32. Be4 Rxb1 33. Rxb1
Kg8 0-1

[Event "HUN Team League Csongrad Region 2018-19 "]
[Site "Csongrád County"]
[Date "2019.04.07"]
[Round "9.2"]
[White "Szamko, Hanna"]
[Black "Kozak, Janos"]
[Result "0-1"]
[WhiteElo "1400"]
[BlackElo "1507"]
[PlyCount "114"]
[EventDate "2018.09.30"]
[WhiteTeam "Maróczy Géza SE V."]
[BlackTeam "Szentesi Sakk SE II."]

1. e4 Nf6 2. Nc3 d5 3. e5 d4 4. exf6 dxc3 5. fxe7 Qxe7+ 6. Qe2 Qxe2+ 7. Bxe2
cxb2 8. Bxb2 Bf5 9. c3 Bd6 10. Nf3 Nd7 11. O-O O-O 12. Nd4 Bg6 13. Nb5 Bf4 14.
g3 c6 15. Na3 Bc7 16. Nc4 Rfe8 17. Ne3 Rad8 18. f4 Bb6 19. f5 Bxe3+ 20. dxe3
Rxe3 21. fxg6 Rxe2 22. gxf7+ Kf8 23. Ba3+ c5 24. Rf3 b6 25. Rf2 Rxf2 26. Kxf2
Nf6 27. Re1 Kxf7 28. Bb2 Ng4+ 29. Kf3 Nxh2+ 30. Kf2 Ng4+ 31. Kg1 Rd2 32. Bc1
Rxa2 33. Rf1+ Kg6 34. Bf4 Rc2 35. Ra1 Rxc3 36. Rxa7 b5 37. Ra6+ Nf6 38. Ra5 Rb3
39. Bd6 c4 40. Ra2 c3 41. Rc2 Rb1+ 42. Kf2 Rb2 43. Ke3 Rxc2 44. Bb4 Nd5+ 45.
Kd4 Nxb4 46. Kc5 Na2 47. Kxb5 Rb2+ 48. Kc4 Rb4+ 49. Kd3 Kf5 50. g4+ Kxg4 51.
Kc2 Rb2+ 52. Kd3 Rd2+ 53. Kc4 c2 54. Kb5 c1=Q 55. Ka4 Rd4+ 56. Kb5 Rb4+ 57. Ka5
Qa3# 0-1

[Event "HUN Team League Csongrad Region 2018-19 "]
[Site "Csongrád County"]
[Date "2019.04.07"]
[Round "9.2"]
[White "Bullas, Gabor"]
[Black "Vajna, Zsolt"]
[Result "1-0"]
[WhiteElo "1053"]
[BlackElo "1319"]
[PlyCount "115"]
[EventDate "2018.09.30"]
[WhiteTeam "Szentesi Sakk SE II."]
[BlackTeam "Maróczy Géza SE V."]

1. e4 c5 2. Nf3 Qc7 3. d4 cxd4 4. Nxd4 Nc6 5. Be3 e6 6. Nb5 Qb8 7. N1c3 a6 8.
Nd4 Nf6 9. Nxc6 bxc6 10. Rb1 Bb4 11. a3 Be7 12. Bd3 O-O 13. O-O d5 14. f4 dxe4
15. Nxe4 Rd8 16. Nxf6+ Bxf6 17. b3 Bb7 18. Qe2 Qd6 19. b4 Bd4 20. Bxd4 Qxd4+
21. Qf2 Qf6 22. Qe3 Rd4 23. g3 Qd8 24. Rbd1 g6 25. Rf2 Rc8 26. Rdd2 c5 27. c4
cxb4 28. axb4 Rc7 29. Bf1 Rcd7 30. Rxd4 Rxd4 31. Rb2 Rd1 32. Kf2 Qa8 33. Rd2
Rxd2+ 34. Qxd2 Bh1 35. Qe3 Be4 36. b5 axb5 37. cxb5 Bd5 38. b6 Qa2+ 39. Be2 Qb2
40. Ke1 Qb1+ 41. Bd1 Be4 42. Qb3 Qxb3 43. Bxb3 Kf8 44. Kd2 Ke7 45. Ke3 Bg2 46.
Kd4 Kd6 47. h4 Bf3 48. Bc2 Bd5 49. Be4 Bb3 50. b7 Kc7 51. Ke5 f5 52. Bf3 Bc4
53. Kf6 Bb3 54. Kg7 Bd5 55. Be2 Bxb7 56. Kxh7 Kd6 57. Kxg6 Be4 58. h5 1-0

[Event "HUN Team League Csongrad Region 2018-19 "]
[Site "Csongrád County"]
[Date "2019.04.07"]
[Round "9.2"]
[White "Szamko, Balint"]
[Black "Kelecsenyi, Miklos"]
[Result "0-1"]
[WhiteElo "1097"]
[BlackElo "1471"]
[PlyCount "108"]
[EventDate "2018.09.30"]
[WhiteTeam "Maróczy Géza SE V."]
[BlackTeam "Szentesi Sakk SE II."]

1. e4 c5 2. Nf3 Nc6 3. Nc3 a6 4. Bc4 e6 5. d4 cxd4 6. Nxd4 Qb6 7. Nf3 Bb4 8.
Bd2 Nge7 9. Na4 Bxd2+ 10. Qxd2 Qd8 11. O-O-O b5 12. Bb3 bxa4 13. Bxa4 O-O 14.
Bxc6 Nxc6 15. Rhe1 Qc7 16. Qd6 Qxd6 17. Rxd6 h6 18. Rdd1 Rd8 19. c4 Ne7 20. b4
Bb7 21. a4 Rac8 22. c5 d6 23. Rd2 dxc5 24. Rxd8+ Rxd8 25. bxc5 Rc8 26. Kb2 Rxc5
27. Kb3 f5 28. Kb4 Rc2 29. Nd4 Nc6+ 30. Nxc6 Bxc6 31. exf5 exf5 32. Re6 Kf7 33.
Rd6 Bxg2 34. Rxa6 Rxf2 35. Ra7+ Kg6 36. Ra6+ Kg5 37. Ra7 g6 38. a5 Be4 39. a6
Rxh2 40. Rc7 Rc2 41. Rxc2 Bxc2 42. a7 Be4 43. Kb5 h5 44. Kb6 h4 45. Kc7 h3 46.
Kb8 h2 47. a8=Q Bxa8 48. Kxa8 h1=Q+ 49. Ka7 Qb1 50. Ka6 Kf6 51. Ka5 Ke6 52. Ka4
Kd6 53. Ka3 Kc5 54. Ka4 Qb4# 0-1

[Event "HUN Team League Csongrad Region 2018-19 "]
[Site "Csongrád County"]
[Date "2019.04.07"]
[Round "9.3"]
[White "Nagy Dani, Karoly"]
[Black "Balogh, Ferenc"]
[Result "0-1"]
[WhiteElo "1793"]
[BlackElo "1931"]
[PlyCount "78"]
[EventDate "2018.09.30"]
[WhiteTeam "Röszkei SK"]
[BlackTeam "Maróczy Géza SE VI."]

1. d4 Nf6 2. Nc3 e6 3. Bf4 d6 4. e4 c6 5. f3 Qc7 6. g4 e5 7. Bg3 h6 8. Qd2 a5
9. h4 b5 10. O-O-O b4 11. Na4 Be7 12. dxe5 dxe5 13. Qh2 Nbd7 14. Nh3 Ba6 15.
Bxa6 Rxa6 16. g5 Nh5 17. Rxd7 Qxd7 18. Bxe5 c5 19. b3 f6 20. Rd1 Qe6 21. Ba1
Rd6 22. Rg1 Rd8 23. gxh6 Rxh6 24. Nb2 Bd6 25. Qg2 Be5 26. Kb1 Qd7 27. Nd3 Bxa1
28. Kxa1 a4 29. bxa4 Qxa4 30. Nxc5 Qa3 31. Nb3 Ra8 32. Kb1 Qxa2+ 33. Kc1 Rc8
34. Kd1 Qb1+ 35. Nc1 b3 36. Qg4 Qxc2+ 37. Ke1 Qxc1+ 38. Ke2 Rc2+ 39. Kd3 Qd2#
0-1

[Event "HUN Team League Csongrad Region 2018-19 "]
[Site "Csongrád County"]
[Date "2019.04.07"]
[Round "9.3"]
[White "Tornyai, Jeno"]
[Black "Ver, Imre"]
[Result "0-1"]
[WhiteElo "1890"]
[BlackElo "1689"]
[PlyCount "84"]
[EventDate "2018.09.30"]
[WhiteTeam "Maróczy Géza SE VI."]
[BlackTeam "Röszkei SK"]

1. d4 d5 2. Nc3 c6 3. Qd3 Nf6 4. Bg5 Nbd7 5. O-O-O Qa5 6. Nf3 e6 7. Kb1 b5 8.
e3 b4 9. Ne2 Ba6 10. Qd2 Ne4 11. Qe1 Bc4 12. Nc1 Bxf1 13. Rxf1 Qb6 14. Bf4 Nc3+
15. bxc3 bxc3+ 16. Nb3 Bb4 17. e4 a5 18. a4 O-O 19. Ne5 Nxe5 20. dxe5 Rac8 21.
Be3 Qb7 22. Bd4 c5 23. Bxc3 Bxc3 24. Qxc3 c4 25. exd5 exd5 26. Ka2 cxb3+ 27.
Qxb3 Qa6 28. f4 Qe2 29. Rc1 Rc4 30. Rfe1 Qxg2 31. Ka3 Qd2 32. Rcd1 Qxf4 33.
Rxd5 Rb4 34. Qc3 Rxa4+ 35. Kb2 Rb8+ 36. Qb3 Rab4 37. Red1 Rxb3+ 38. cxb3 g6 39.
h4 Qf2+ 40. Ka3 Qxh4 41. R1d4 Qe1 42. Rd1 Qb4+ 0-1

[Event "HUN Team League Csongrad Region 2018-19 "]
[Site "Csongrád County"]
[Date "2019.04.07"]
[Round "9.3"]
[White "Bartos, Ferenc"]
[Black "Lakatos, Alfred"]
[Result "1/2-1/2"]
[WhiteElo "1709"]
[BlackElo "1564"]
[PlyCount "111"]
[EventDate "2018.09.30"]
[WhiteTeam "Röszkei SK"]
[BlackTeam "Maróczy Géza SE VI."]

1. e4 c5 2. Nc3 e6 3. f4 a6 4. d3 b5 5. Qe2 b4 6. Nd1 Nc6 7. Nf3 Nf6 8. b3 Bb7
9. Bb2 d5 10. Nf2 a5 11. g4 dxe4 12. dxe4 Nd4 13. Nxd4 cxd4 14. Rd1 Ba6 15. Nd3
h5 16. g5 Ng4 17. Bc1 Rc8 18. h3 Ne3 19. Bxe3 dxe3 20. Qxe3 Rxc2 21. Ne5 Qc8
22. Bxa6 Qxa6 23. Nc4 Rxa2 24. Qd4 Qc8 25. Qb6 Bc5 26. Qb5+ Kf8 27. Ne5 Bf2+
28. Kf1 g6 29. Nxg6+ fxg6 30. Rh2 Rh7 31. Rxf2 Rxf2+ 32. Kxf2 Rf7 33. Qe5 Qc2+
34. Ke1 Qc3+ 35. Ke2 Qxe5 36. fxe5 Rc7 37. Ke3 Rc5 38. Kd4 Rc6 39. Rd3 Kg7 40.
Ke3 Kf7 41. Rd7+ Kg8 42. Rd6 Rc3+ 43. Rd3 Rc6 44. h4 Kf7 45. Rd7+ Kg8 46. Rd6
Rc3+ 47. Kd2 Rxb3 48. Rxe6 a4 49. Rxg6+ Kf7 50. Ra6 a3 51. e6+ Ke7 52. e5 Rg3
53. Kc1 Rg2 54. Kb1 Rg1+ 55. Ka2 Rg2+ 56. Kb1 1/2-1/2

[Event "HUN Team League Csongrad Region 2018-19 "]
[Site "Csongrád County"]
[Date "2019.04.07"]
[Round "9.3"]
[White "Lovaszi, Szabolcs"]
[Black "Sipos, Kalman"]
[Result "1-0"]
[WhiteElo "1593"]
[BlackElo "1639"]
[PlyCount "135"]
[EventDate "2018.09.30"]
[WhiteTeam "Maróczy Géza SE VI."]
[BlackTeam "Röszkei SK"]

1. d4 Nf6 2. Nf3 g6 3. Bf4 Bg7 4. e3 O-O 5. Nbd2 d5 6. h3 c5 7. c3 Qb6 8. Qb3
c4 9. Qc2 Bf5 10. Qc1 Nc6 11. Be2 Rfe8 12. O-O Qd8 13. Bd1 Ne4 14. Bc2 Nxd2 15.
Qxd2 Bxc2 16. Qxc2 b5 17. Rfe1 f5 18. Ne5 Nxe5 19. Bxe5 Bxe5 20. dxe5 e6 21. f4
Kh8 22. Kf2 Rg8 23. Rg1 Qh4+ 24. g3 Qe7 25. Qd1 a5 26. g4 Qh4+ 27. Kg2 Qe7 28.
g5 b4 29. h4 Qc5 30. Kf3 bxc3 31. bxc3 Qa3 32. Qc1 Qc5 33. Rg2 Rgb8 34. Rb2 Qc6
35. Rab1 Rxb2 36. Rxb2 d4+ 37. Kf2 dxe3+ 38. Qxe3 Rd8 39. Rd2 Rb8 40. Qa7 Ra8
41. Qe7 Re8 42. Qd7 Qb6+ 43. Qd4 Qc6 44. Qa7 Ra8 45. Qf7 Qe4 46. Qf6+ Kg8 47.
Qxe6+ Kf8 48. Qd6+ Kg7 49. e6 Qh1 50. Qe5+ Kg8 51. e7 Qxh4+ 52. Ke2 Qg4+ 53.
Ke1 Qg1+ 54. Ke2 Qg4+ 55. Ke3 Qg1+ 56. Rf2 Qe1+ 57. Re2 Qg3+ 58. Kd2 Qd3+ 59.
Kc1 Re8 60. Qe6+ Kg7 61. Qe5+ Kf7 62. Qf6+ Kg8 63. Rd2 Qe3 64. Kc2 Qe4+ 65. Kb2
Rxe7 66. Rd8+ Re8 67. Rd7 Qb7+ 68. Rxb7 1-0

[Event "HUN Team League Csongrad Region 2018-19 "]
[Site "Csongrád County"]
[Date "2019.04.07"]
[Round "9.3"]
[White "Abraham, Lajos"]
[Black "Elekes, Lajos"]
[Result "1-0"]
[WhiteElo "1676"]
[BlackElo "1348"]
[PlyCount "89"]
[EventDate "2018.09.30"]
[WhiteTeam "Röszkei SK"]
[BlackTeam "Maróczy Géza SE VI."]

1. e4 c5 2. Nf3 e5 3. Nc3 Nc6 4. g3 d6 5. h3 Nf6 6. d3 Nd4 7. Nxd4 cxd4 8. Ne2
Be6 9. c3 dxc3 10. Nxc3 Be7 11. d4 exd4 12. Qxd4 O-O 13. Be2 Nd7 14. Bf4 Nc5
15. Rd1 a6 16. Bxd6 Bxd6 17. Qxd6 Qxd6 18. Rxd6 Rad8 19. Rxd8 Rxd8 20. O-O f5
21. exf5 Bxf5 22. Rd1 Rxd1+ 23. Bxd1 Kf7 24. b4 Ne6 25. a4 Nd4 26. g4 Bc2 27.
Bxc2 Nxc2 28. b5 axb5 29. axb5 Nd4 30. f4 Ke7 31. Kf2 Kd6 32. Ke3 Kc5 33. Ne4+
Kd5 34. f5 Nxb5 35. f6 gxf6 36. Nxf6+ Kc4 37. Nxh7 Nc3 38. Nf6 b5 39. g5 b4 40.
g6 b3 41. g7 Nd5+ 42. Nxd5 b2 43. g8=Q b1=Q 44. Nc3+ Kxc3 45. Qc8+ 1-0

[Event "HUN Team League Csongrad Region 2018-19 "]
[Site "Csongrád County"]
[Date "2019.04.07"]
[Round "9.3"]
[White "Vadkerti, Vince"]
[Black "Beretka, Csaba"]
[Result "1/2-1/2"]
[WhiteElo "1437"]
[BlackElo "1707"]
[PlyCount "37"]
[EventDate "2018.09.30"]
[WhiteTeam "Maróczy Géza SE VI."]
[BlackTeam "Röszkei SK"]

1. e4 d5 2. exd5 Qxd5 3. Nc3 Qa5 4. d4 Nf6 5. Bc4 c6 6. Nf3 Bf5 7. Bd2 Qc7 8.
O-O e6 9. Ne5 Bd6 10. Bf4 Nbd7 11. Re1 O-O 12. a3 Nd5 13. Bxd5 exd5 14. Nxd7
Qxd7 15. Bxd6 Qxd6 16. Re5 Bd7 17. b4 Rfe8 18. Rxe8+ Rxe8 19. Qd2 1/2-1/2

[Event "HUN Team League Csongrad Region 2018-19 "]
[Site "Csongrád County"]
[Date "2019.04.07"]
[Round "9.3"]
[White "Kadnar, Emil"]
[Black "Puskas, Mihaly"]
[Result "0-1"]
[WhiteElo "1638"]
[BlackElo "1420"]
[PlyCount "96"]
[EventDate "2018.09.30"]
[WhiteTeam "Röszkei SK"]
[BlackTeam "Maróczy Géza SE VI."]

1. e4 e5 2. Nf3 Nc6 3. Bc4 Bc5 4. d3 d6 5. h3 Be6 6. Bb3 Nge7 7. Nc3 Qd7 8. Ng5
Bxb3 9. axb3 f6 10. Nf3 O-O-O 11. Na4 h5 12. Nxc5 dxc5 13. Be3 Qd6 14. Nh2 Kb8
15. Qd2 Nd4 16. Bxd4 cxd4 17. f3 g5 18. O-O-O Qa6 19. c4 dxc3 20. Qxc3 Rd6 21.
Kd2 Rhd8 22. Ke2 Ng6 23. Rc1 Qxd3+ 24. Qxd3 Nf4+ 25. Kf1 Rxd3 26. Re1 Rxb3 27.
g3 Ne6 28. Kf2 Rxb2+ 29. Re2 Rxe2+ 30. Kxe2 a6 31. Rc1 b5 32. Nf1 Kb7 33. Ne3
c6 34. Nf5 Nd4+ 35. Ke3 Nxf5+ 36. exf5 Kb6 37. h4 gxh4 38. gxh4 Rd4 39. Rg1
Rxh4 40. Rg6 Rf4 41. Rxf6 h4 42. Rf8 h3 43. Rh8 Rxf5 44. Ke4 Rf4+ 45. Ke3 a5
46. Rxh3 Rf7 47. Ke4 Re7 48. Rh5 a4 0-1

[Event "HUN Team League Csongrad Region 2018-19 "]
[Site "Csongrád County"]
[Date "2019.04.07"]
[Round "9.3"]
[White "Olah, Tibor"]
[Black "Nagy, Zeteny"]
[Result "1-0"]
[WhiteElo "1621"]
[BlackElo "1285"]
[PlyCount "63"]
[EventDate "2018.09.30"]
[WhiteTeam "Maróczy Géza SE VI."]
[BlackTeam "Röszkei SK"]

1. e4 e5 2. Nc3 Nc6 3. Bc4 Bc5 4. d3 Nge7 5. f4 d6 6. Nf3 Be6 7. Bxe6 fxe6 8.
fxe5 dxe5 9. Bg5 h6 10. Bxe7 Qxe7 11. Na4 Bd6 12. O-O O-O 13. a3 Rf7 14. b4
Raf8 15. c3 a5 16. Nb2 axb4 17. axb4 Na7 18. Rxa7 c5 19. b5 c4 20. d4 exd4 21.
cxd4 e5 22. Ra4 c3 23. Nd3 exd4 24. Rxd4 Bc5 25. Nxc5 Qxc5 26. Kh1 c2 27. Qd2
Rc7 28. Rc1 Qa3 29. Kg1 Qb2 30. Rd8 Qa3 31. Rxf8+ Kxf8 32. Qd8+ 1-0

[Event "HUN Team League Csongrad Region 2018-19 "]
[Site "Csongrád County"]
[Date "2019.04.07"]
[Round "9.4"]
[White "Gyugyi, Peter"]
[Black "Adok, Janos"]
[Result "1-0"]
[WhiteElo "1959"]
[BlackElo "2211"]
[PlyCount "81"]
[EventDate "2018.09.30"]
[WhiteTeam "Üllési ISE"]
[BlackTeam "Vásárhelyi Pákozdy FSSE"]

1. e4 e6 2. d4 d5 3. Nd2 Nf6 4. e5 Nfd7 5. f4 c5 6. c3 Nc6 7. Ndf3 cxd4 8. cxd4
f6 9. a3 Be7 10. b4 fxe5 11. fxe5 Qb6 12. Bd3 Nf8 13. Bb2 a5 14. b5 Nd8 15. a4
Bb4+ 16. Kf1 Nf7 17. h4 Nh6 18. h5 Nf5 19. Kf2 Bd7 20. Rc1 h6 21. g4 Ne7 22.
Nh4 Nh7 23. Nh3 Ng5 24. Nxg5 hxg5 25. Nf3 Rf8 26. Kg3 Rc8 27. Rxc8+ Nxc8 28.
Nxg5 Be7 29. Qc1 Kd8 30. Bg6 Qc7 31. Nf7+ Rxf7 32. Bxf7 Nb6 33. Qxc7+ Kxc7 34.
Bc3 Nxa4 35. Bxa5+ b6 36. Bd2 Nb2 37. g5 Nc4 38. Bc1 Na3 39. Bxa3 Bxa3 40. h6
gxh6 41. gxh6 1-0

[Event "HUN Team League Csongrad Region 2018-19 "]
[Site "Csongrád County"]
[Date "2019.04.07"]
[Round "9.4"]
[White "Borsi, Imre"]
[Black "Szekeres, Janos"]
[Result "0-1"]
[WhiteElo "1992"]
[BlackElo "1927"]
[PlyCount "92"]
[EventDate "2018.09.30"]
[WhiteTeam "Vásárhelyi Pákozdy FSSE"]
[BlackTeam "Üllési ISE"]

1. d4 Nf6 2. c4 c5 3. d5 b5 4. cxb5 a6 5. b6 Qxb6 6. Nc3 d6 7. Nf3 Nbd7 8. e4
g6 9. a4 a5 10. Bb5 Ba6 11. Nd2 Bxb5 12. axb5 Bg7 13. Nc4 Qc7 14. Be3 Nb6 15.
Nd2 O-O 16. O-O Nfd7 17. Qe2 f5 18. exf5 Rxf5 19. Nde4 Nxd5 20. Nxd5 Rxd5 21.
Qg4 Rf5 22. Ng3 Ne5 23. Qe4 Rff8 24. f4 Nf7 25. f5 Ne5 26. Bd2 Qd7 27. Qd5+ Kh8
28. b6 Rab8 29. Rxa5 gxf5 30. Ra7 Qc6 31. Qe6 Qxb6 32. Rxe7 Rf6 33. Qd5 Qc6 34.
Qxc6 Nxc6 35. Rxg7 Kxg7 36. Bc3 Nd4 37. Nh5+ Kf7 38. Nxf6 Ne2+ 39. Kh1 Nxc3 40.
bxc3 Kxf6 41. g4 Kg5 42. Rxf5+ Kxg4 43. Rf6 d5 44. Rh6 Kf3 45. h4 Rb7 46. Rd6
Kg3 0-1

[Event "HUN Team League Csongrad Region 2018-19 "]
[Site "Csongrád County"]
[Date "2019.04.07"]
[Round "9.4"]
[White "Szabo, Zoltan"]
[Black "Buzas, Andras"]
[Result "0-1"]
[WhiteElo "1802"]
[BlackElo "1710"]
[PlyCount "86"]
[EventDate "2018.09.30"]
[WhiteTeam "Üllési ISE"]
[BlackTeam "Vásárhelyi Pákozdy FSSE"]

1. e4 d5 2. exd5 Qxd5 3. Nc3 Qa5 4. d4 c6 5. Bd3 Nf6 6. Nge2 Bg4 7. O-O e6 8.
a3 Bd6 9. h3 Bh5 10. b4 Bxb4 11. Ne4 Be7 12. Bb2 Nbd7 13. Qe1 Qc7 14. N2g3 Bg6
15. Ng5 Bxd3 16. cxd3 Nd5 17. N5e4 O-O 18. Ne2 Rae8 19. Rc1 f5 20. Nc5 Bg5 21.
Rc2 Rf6 22. Nxd7 Qxd7 23. f4 Bh6 24. Bc1 g6 25. Nc3 Nc7 26. Be3 Bf8 27. Qa1 c5
28. Nd1 Rf7 29. dxc5 Qxd3 30. Rd2 Qb5 31. Qe5 Nd5 32. Nc3 Qc6 33. Nxd5 exd5 34.
Qc3 Rxe3 35. Qxe3 Bxc5 36. Rd4 Re7 37. Qf2 Re4 38. Rfd1 Qb6 39. Kh2 Bxd4 40.
Qa2 Qd6 41. Qc2 Qxf4+ 42. g3 Qf2+ 43. Qxf2 Bxf2 0-1

[Event "HUN Team League Csongrad Region 2018-19 "]
[Site "Csongrád County"]
[Date "2019.04.07"]
[Round "9.4"]
[White "Bene, Zoltan"]
[Black "Benke, Andras"]
[Result "1-0"]
[WhiteElo "1673"]
[BlackElo "1772"]
[PlyCount "81"]
[EventDate "2018.09.30"]
[WhiteTeam "Vásárhelyi Pákozdy FSSE"]
[BlackTeam "Üllési ISE"]

1. e4 c5 2. Nf3 d6 3. d4 cxd4 4. Nxd4 Nf6 5. Nc3 a6 6. Be3 e5 7. Nf3 b5 8. Nd5
Nbd7 9. Bg5 Bb7 10. c4 Bxd5 11. cxd5 Be7 12. Bxf6 Bxf6 13. Bd3 Nc5 14. O-O Nxd3
15. Qxd3 O-O 16. Rac1 Qd7 17. Rc6 Rfc8 18. Rfc1 Be7 19. g3 Kf8 20. Kf1 h6 21.
h4 Ke8 22. Ke2 Qb7 23. Qa3 Kd7 24. Nd2 a5 25. Rxc8 Rxc8 26. Rxc8 Kxc8 27. Qxa5
Bd8 28. Qb4 Qa6 29. a3 Ba5 30. Qb3 Kd8 31. Qd3 Bxd2 32. Kxd2 Qb6 33. Qe3 Qa6
34. f4 Qb7 35. fxe5 dxe5 36. Qc5 Ke8 37. Kc3 Kd7 38. Kb4 Qa6 39. Qxb5+ Qxb5+
40. Kxb5 f5 41. exf5 1-0

[Event "HUN Team League Csongrad Region 2018-19 "]
[Site "Csongrád County"]
[Date "2019.04.07"]
[Round "9.4"]
[White "Molnar, Jeno"]
[Black "Gachalyi, Gergo"]
[Result "1/2-1/2"]
[WhiteElo "1596"]
[BlackElo "1459"]
[PlyCount "86"]
[EventDate "2018.09.30"]
[WhiteTeam "Üllési ISE"]
[BlackTeam "Vásárhelyi Pákozdy FSSE"]

1. e4 c6 2. d4 d5 3. Nc3 dxe4 4. Nxe4 Bf5 5. Ng3 Bg6 6. Nf3 Nd7 7. Bd3 Bxd3 8.
Qxd3 h6 9. O-O Ngf6 10. Re1 e6 11. Bd2 Be7 12. c4 O-O 13. Bc3 Re8 14. Rad1 Rc8
15. Qe2 Qc7 16. Ne5 Bf8 17. Ne4 Nxe4 18. Qxe4 Rcd8 19. Qf3 Nxe5 20. dxe5 Rxd1
21. Rxd1 Rd8 22. Rd3 Qb6 23. Qd1 Rxd3 24. Qxd3 Bc5 25. Qd2 Qc7 26. b4 Be7 27.
g3 Qd8 28. Qxd8+ Bxd8 29. a4 a6 30. Kf1 Kh7 31. Ke2 Kg6 32. f4 Kf5 33. Kf3 h5
34. h3 Bc7 35. g4+ hxg4+ 36. hxg4+ Kg6 37. b5 axb5 38. axb5 c5 39. Ke4 Bd8 40.
Bd2 b6 41. Be3 Kh7 42. f5 Kg8 43. g5 g6 1/2-1/2